Narraciones completas.

Guardat en:
Dades bibliogràfiques
Autor principal: Poe, Edgar Allan (autor)
Altres autors: Baudelaire, Charles (prólogo), Gómez de la Serna, Julio (traductor)
Format: Llibre
Publicat: Madrid, España: Aguilar, 1962.
Edició:Segunda edición.
Col·lecció:El lince astuto.
Matèries:
Etiquetes: Afegir etiqueta
Sense etiquetes, Sigues el primer a etiquetar aquest registre!

MARC

LEADER 00000nam a2200000 a 4500
001 UCX3495
003 CL-VaPUC
005 20250114112607.0
008 220705t1962 ||||| |||| 00| 0 eng d
999 |c 436669  |d 436667 
040 |c Pontificia Universidad Católica de Valparaíso 
082 0 4 |a 813 POE 1962  |2 21 
100 |a Poe, Edgar Allan  |e autor  |9 313715 
245 1 0 |a Narraciones completas. 
250 |a Segunda edición. 
260 |a Madrid, España:  |b Aguilar,   |c 1962. 
300 |a 1255 páginas. 
490 |a El lince astuto. 
500 |a c.1 Donación Familia Prof. Alejandro Guzmán Brito. 
583 |a last modification  |c 20120708 11:23:12  |k Cristina María Rojas Aguilar 
650 0 |a Cuentos estadounidenses  |9 265133 
650 0 |a Novelas estadounidenses  |9 265217 
700 |a Baudelaire, Charles  |e prólogo  |9 556919 
700 |a Gómez de la Serna, Julio  |e traductor  |9 872164 
942 |c BK  |2 ddc  |n 0 
952 |0 0  |1 0  |2 ddc  |4 0  |6 813_000000000000000_POE_1962  |7 0  |8 C_AGB  |9 584359  |a BIBDER  |b BIBDER  |d 2022-07-05  |e Donación   |i 5652492  |o 813 POE 1962  |p 5652492  |r 2023-01-25  |t 1  |w 2022-07-05  |y BK_US  |k AGB